| 000 | 01450nam0a22002771 4500 | ||
|---|---|---|---|
| 001 | rc\2603679 | ||
| 005 | 20250623132055.0 | ||
| 035 | _a(NLR Aleph) 006767709 | ||
| 090 |
_a5911437 _c5911437 |
||
| 100 | _a20110914d1930 |||y0rusy50 ca | ||
| 101 | 0 | _arus | |
| 102 | _aRU | ||
| 105 | _aae z ||||| | ||
| 200 | 1 |
_aБоенское дело _eМатериалы по вопросу улучшения качества продукции коммунальных боен _eС 62 рис. и 36 черт. _fСоставлено при участии: вет. вр. Бейнарт, А. В., инж. Гольдштик, Б. О., вет. вр. Крашенинникова, А. П... [и др.] _gПод общ. ред. инж. Д. А. Христодуло |
|
| 210 |
_aМосква _cИзд-во Нар. ком. внутр. дел. РСФСР _d1930 _eЛенинград _gгос. тип. изд. "Ленингр. правда" |
||
| 215 |
_a187 с., IV вклад. л. черт., план. _cил., черт., диагр., план. _d27х18 см. |
||
| 702 | 1 |
_aКрашенинников _bА.П. _4570 |
|
| 702 | 1 |
_aХристодуло _bД.А. _gДмитрий Антонович _4340 |
|
| 702 | 1 |
_aГольдштик _bБ.О. _4570 |
|
| 702 | 1 |
_aБейнарт _bА.В. _gАлександр Васильевич _4570 |
|
| 801 | 0 |
_aRU _bNLR _gpsbo |
|
| 801 | 1 |
_aRU _bELAR _2rusmarc |
|
| 852 |
_aNLR _j71/42 |
||
| 852 |
_aNLR _j30-5/937 |
||
| 942 | _cBOOK | ||
| 980 | _aNB | ||